[Event "IX Festival A"]
[Site "Cesenatico ITA"]
[Date "2004.09.10"]
[Round "7"]
[White "Maddaloni, Giovanni"]
[Black "Lombardini, Giulio"]
[Result "1-0"]
[WhiteElo "1849"]
[BlackElo "2072"]
[PlyCount "74"]
[EventDate "2004.09.04"]

1. e4 c5 2. Nc3 d6 3. g3 Nf6 4. Bg2 g6 5. d3 Bg7 6. h4 Nc6 7. Nh3 e6 8. O-O a6
9. Be3 Nd4 10. f3 h5 11. Ng5 Nd7 12. Bh3 Ne5 13. Ne2 Nec6 14. c3 Nxe2+ 15. Qxe2
e5 16. Rad1 Qe7 17. Bxc8 Rxc8 18. Kg2 f6 19. Nh3 Bh6 20. f4 Kd8 21. b4 Kc7 22.
bxc5 dxc5 23. Rb1 b6 24. Rb2 b5 25. Rfb1 Rb8 26. Qf2 Bf8 27. fxe5 Nxe5 28. Nf4
Nxd3 29. Nd5+ Kb7 30. Nxe7 Nxf2 31. Nxg6 Rg8 32. Nxf8 Nxe4 33. Bh6 Rh8 34. Nd7
Rbd8 35. Bg7 Rhg8 36. Nxf6 Nxg3 37. Nxg8 Rxg8 1-0

[Event "IX Festival A"]
[Site "Cesenatico ITA"]
[Date "2004.09.10"]
[Round "7"]
[White "Pircher, Karl"]
[Black "Pompili, Ugo"]
[Result "1/2-1/2"]
[WhiteElo "2013"]
[BlackElo "1801"]
[PlyCount "120"]
[EventDate "2004.09.04"]

1. d4 Nf6 2. c4 e6 3. Nc3 b6 4. e4 d6 5. Nf3 Be7 6. Bd3 Bb7 7. O-O O-O 8. Qc2
g6 9. Bg5 Nc6 10. a3 Nd7 11. Be3 Bf6 12. Rad1 Bg7 13. b4 Ne7 14. Be2 h6 15. c5
d5 16. Bd3 f5 17. exf5 exf5 18. Rfe1 Nf6 19. Bf4 Ne4 20. Be5 a6 21. Bxg7 Kxg7
22. Ne5 Nc6 23. Nxc6 Bxc6 24. cxb6 cxb6 25. Nxe4 fxe4 26. Qxc6 exd3 27. Rxd3
Rc8 28. Qe6 Rf7 29. Rg3 Rf6 30. Qe5 Kf7 31. Rge3 g5 32. h3 Rc2 33. R3e2 Rc3 34.
Re3 Rc2 35. R1e2 Rc1+ 36. Kh2 Qc7 37. g3 Qxe5 38. dxe5 Rf5 39. e6+ Ke7 40. Kg2
Rc6 41. g4 Rf6 42. Rd2 Rd6 43. Re5 d4 44. Re4 Rf4 45. Rxf4 gxf4 46. Kf3 Kxe6
47. Kxf4 Kd5 48. g5 hxg5+ 49. Kxg5 Kc4 50. f4 Kc3 51. Rf2 d3 52. f5 d2 53. Rf1
d1=Q 54. Rxd1 Rxd1 55. f6 Rg1+ 56. Kf5 Kd4 57. f7 Kd5 58. Kf6 Rf1+ 59. Ke7 Re1+
60. Kd8 Rf1 1/2-1/2

[Event "IX Festival A"]
[Site "Cesenatico ITA"]
[Date "2004.09.10"]
[Round "7"]
[White "Rossi, Giampiero"]
[Black "Faini, Ivano"]
[Result "1-0"]
[WhiteElo "2012"]
[BlackElo "1679"]
[PlyCount "66"]
[EventDate "2004.09.04"]

1. d4 Nf6 2. c4 g6 3. g3 c6 4. Bg2 Bg7 5. Nc3 O-O 6. Nf3 d6 7. O-O Qa5 8. Qd2
Qh5 9. Qg5 Bg4 10. Qxh5 Nxh5 11. Be3 Bxf3 12. Bxf3 Nf6 13. Rad1 Nbd7 14. Bc1 e5
15. e3 a6 16. b3 Rfe8 17. Bg2 Nh5 18. Ba3 exd4 19. exd4 Bf8 20. Rfe1 Ndf6 21.
h3 Ng7 22. d5 c5 23. g4 Rxe1+ 24. Rxe1 h6 25. Bb2 Re8 26. Ne4 Nxe4 27. Rxe4
Rxe4 28. Bxe4 f5 29. Bd3 fxg4 30. hxg4 Kf7 31. Kg2 Ne8 32. f4 Bg7 33. Bc1 33...
Nc7 {...} 1-0

[Event "IX Festival A"]
[Site "Cesenatico ITA"]
[Date "2004.09.10"]
[Round "7"]
[White "Rotstein, Arkadij"]
[Black "Marholev, Dimitar"]
[Result "1-0"]
[WhiteElo "2524"]
[BlackElo "2350"]
[PlyCount "67"]
[EventDate "2004.09.04"]

1. c4 g6 2. g3 Bg7 3. Bg2 c5 4. Nc3 Nc6 5. a3 b6 6. b4 Bb7 7. Bb2 Qc8 8. Qb1
Nd4 9. Nf3 Nxf3+ 10. Bxf3 Bxf3 11. exf3 cxb4 12. Nd5 f6 13. axb4 Qxc4 14. Qe4
Qxe4+ 15. fxe4 Kf7 16. Ke2 Nh6 17. Rhc1 e6 18. Nc7 Rac8 19. Rxa7 f5 20. Bxg7
Kxg7 21. Nxe6+ Kf6 22. Rxc8 Rxc8 23. Nf4 fxe4 24. Rxd7 Nf5 25. Rxh7 Rc1 26. Rd7
g5 27. Nd5+ Ke5 28. f4+ Ke6 29. Nxb6 Rh1 30. g4 Rxh2+ 31. Kd1 Nh6 32. f5+ Kf6
33. Nd5+ Ke5 34. Ne3 1-0

[Event "IX Festival A"]
[Site "Cesenatico ITA"]
[Date "2004.09.10"]
[Round "7"]
[White "Russi, Roberto"]
[Black "Lagrotteria, Salvatore"]
[Result "0-1"]
[WhiteElo "2086"]
[BlackElo "2209"]
[PlyCount "122"]
[EventDate "2004.09.04"]

1. c4 g6 2. Nc3 Bg7 3. g3 d6 4. Bg2 e5 5. Nf3 c5 6. e3 Nc6 7. O-O Nge7 8. d3
O-O 9. Qd2 h6 10. b3 f5 11. Bb2 g5 12. Ne2 Ng6 13. Ne1 f4 14. exf4 gxf4 15.
gxf4 Nxf4 16. Nxf4 Rxf4 17. Kh1 Kh8 18. Nc2 Qh4 19. Rae1 Bh3 20. Re3 Bxg2+ 21.
Kxg2 Raf8 22. Rg3 h5 23. Qe2 Rg4 24. Ne3 Rg5 25. Kh1 Qf4 26. Rxg5 Qxg5 27. Rg1
Qh4 28. Rg3 Kg8 29. Ng2 Qf6 30. f4 Qh6 31. Qe4 h4 32. Rg6 Qh5 33. h3 Qd1+ 34.
Kh2 Qd2 35. Qd5+ Rf7 36. Qe6 Qxb2 37. Qe8+ Rf8 38. Qe6+ Kh7 39. Rg4 Rf6 40.
Rxh4+ Rh6 41. Qf5+ Kh8 42. Rxh6+ Bxh6 43. Qc8+ Kg7 44. Qd7+ Kg8 45. Qe8+ Bf8
46. Qe6+ Kg7 47. f5 e4 48. Qg6+ Kh8 49. Qh5+ Kg8 50. Qg6+ Qg7 51. Qe6+ Kh7 52.
f6 Qg8 53. Qxe4+ Qg6 54. Qh4+ Bh6 55. Nf4 Qf5 56. Nd5 Ne5 57. Qg3 Qxd3 58. Ne7
Nf3+ 59. Kg2 Qe2+ 60. Qf2 Nh4+ 61. Kg3 Qe5+ 0-1

[Event "IX Festival A"]
[Site "Cesenatico ITA"]
[Date "2004.09.10"]
[Round "7"]
[White "Setti, Denis"]
[Black "Bossi, Alessandro"]
[Result "0-1"]
[WhiteElo "1754"]
[BlackElo "2053"]
[PlyCount "58"]
[EventDate "2004.09.04"]

1. e4 e5 2. Nf3 Nc6 3. c3 f5 4. d4 fxe4 5. Nxe5 Nf6 6. Be2 d6 7. Nc4 Be7 8. O-O
O-O 9. Bg5 Kh8 10. Nbd2 Bf5 11. b4 Nd5 12. Bxe7 Ncxe7 13. Qb3 Nf4 14. Rfe1 Neg6
15. Bf1 Qg5 16. Kh1 Rae8 17. Ne3 Nd3 18. Bxd3 exd3 19. Nf3 Qf4 20. Nxf5 Qxf5
21. Qd1 Nf4 22. Qd2 Qg4 23. Rg1 Re2 24. Qd1 Nh3 25. Rf1 Nxf2+ 26. Rxf2 Rxf2 27.
Qg1 R8xf3 28. Re1 Re2 29. h3 Rxh3+ 0-1

[Event "IX Festival A"]
[Site "Cesenatico ITA"]
[Date "2004.09.10"]
[Round "7"]
[White "Skembris, Spyridon"]
[Black "Ventura, Sergio"]
[Result "1-0"]
[WhiteElo "2434"]
[BlackElo "2175"]
[PlyCount "79"]
[EventDate "2004.09.04"]

1. d4 g6 2. e4 Bg7 3. Nc3 c6 4. Nf3 d6 5. h3 Nd7 6. Be3 Qa5 7. Qd2 e6 8. Bd3 d5
9. O-O dxe4 10. Nxe4 Qxd2 11. Bxd2 Bf8 12. Bc3 Be7 13. Rfe1 Ngf6 14. a3 O-O 15.
Bb4 Bxb4 16. axb4 Nxe4 17. Bxe4 Nf6 18. Ne5 Nxe4 19. Rxe4 Rd8 20. Rf4 f6 21.
Rxf6 Rxd4 22. c3 Rd8 23. g4 Rf8 24. Rxf8+ Kxf8 25. Nc4 a6 26. Nb6 Rb8 27. Rd1
Ke7 28. f4 h5 29. gxh5 gxh5 30. Kf2 Ke8 31. Kg3 e5 32. Re1 Be6 33. Rxe5 Kf7 34.
Rxh5 Rg8+ 35. Kf3 Rg1 36. f5 Bb3 37. Kf4 Rg2 38. Rh7+ Ke8 39. Rxb7 Rxb2 40. Ke5
1-0

[Event "IX Festival A"]
[Site "Cesenatico ITA"]
[Date "2004.09.10"]
[Round "7"]
[White "Steccanella, Sergio"]
[Black "Braga, Gian Carlo"]
[Result "1/2-1/2"]
[WhiteElo "1724"]
[BlackElo "1461"]
[PlyCount "120"]
[EventDate "2004.09.04"]

1. e4 e5 2. Nf3 Nc6 3. Nc3 Nf6 4. d4 exd4 5. Nd5 d6 6. Bg5 Be7 7. Nxe7 Qxe7 8.
Bd3 Bg4 9. Qd2 Bxf3 10. gxf3 Ne5 11. Be2 h6 12. Bh4 g5 13. Bg3 Nc6 14. O-O-O
O-O-O 15. Rhe1 Nd7 16. Bb5 Nde5 17. Be2 h5 18. h3 h4 19. Bh2 Qe6 20. Kb1 Qxh3
21. Bxe5 Nxe5 22. Rh1 Qe6 23. Qxd4 Nc6 24. Qa4 Kb8 25. Rd5 a5 26. Rxg5 Ne5 27.
f4 Nc6 28. Bb5 Qd7 29. Bxc6 Qxc6 30. Qxc6 bxc6 31. Rxa5 h3 32. b4 Rde8 33. f3
Kb7 34. Rf5 Rh7 35. Kb2 h2 36. a4 Rf8 37. Rg5 f6 38. Rg2 Rfh8 39. Kc3 Rh3 40.
Rf2 R8h4 41. f5 Rxe4 42. Rhxh2 Rxh2 43. Rxh2 Re3+ 44. Kd4 Rxf3 45. Ke4 Rc3 46.
Rh6 Rxc2 47. Kd3 Ra2 48. a5 Ra4 49. Kc3 Ra3+ 50. Kb2 Rf3 51. Rxf6 Rf4 52. Rf8
Rxb4+ 53. Ka3 Rf4 54. f6 Rf5 55. Kb4 c5+ 56. Kc4 Rf4+ 57. Kc3 d5 58. f7 Rf3+
59. Kd2 d4 60. Ke2 Rf4 1/2-1/2

[Event "IX Festival A"]
[Site "Cesenatico ITA"]
[Date "2004.09.10"]
[Round "7"]
[White "Terbonati, Paolo"]
[Black "Emami, Madjid"]
[Result "0-1"]
[WhiteElo "1931"]
[BlackElo "2081"]
[PlyCount "60"]
[EventDate "2004.09.04"]

1. c4 c6 2. g3 f5 3. Bg2 Nf6 4. Nf3 d6 5. d4 g6 6. Nc3 Bg7 7. O-O O-O 8. b3 a5
9. Bb2 Na6 10. a3 Bd7 11. Ne1 e5 12. dxe5 dxe5 13. Na2 Qe7 14. Nc2 Rad8 15. Qe1
Nc5 16. Qxa5 Nxb3 17. Qxe5 Qxe5 18. Bxe5 Nxa1 19. Nxa1 Be6 20. Rc1 Ne4 21. Bxg7
Kxg7 22. Bxe4 fxe4 23. Nb3 b5 24. Nc5 Bxc4 25. Rxc4 bxc4 26. Ne6+ Kf6 27. Nxf8
Rxf8 28. Nc3 Ke5 29. e3 Rb8 30. Ne2 c5 0-1

[Event "IX Festival A"]
[Site "Cesenatico ITA"]
[Date "2004.09.10"]
[Round "7"]
[White "Vincenzi, Andrea"]
[Black "Traversi, Carlo"]
[Result "0-1"]
[WhiteElo "1807"]
[BlackElo "1792"]
[PlyCount "86"]
[EventDate "2004.09.04"]

1. e4 Nc6 2. Bc4 e5 3. a3 Nf6 4. d3 Be7 5. Nc3 d6 6. Nge2 a6 7. O-O O-O 8. Ba2
Be6 9. Nd5 h6 10. Ng3 Nd4 11. c3 Nb5 12. a4 Na7 13. c4 Nc6 14. Bd2 Bd7 15. Bc3
Nxd5 16. cxd5 Na7 17. f4 f6 18. f5 Qe8 19. b3 b5 20. a5 c5 21. b4 Rc8 22. Qe2
Rc7 23. Rac1 Qc8 24. Bd2 Kh7 25. Qe3 Be8 26. Rc3 Bf7 27. Rfc1 Qd7 28. Qf2 Rfc8
29. Be3 Qe8 30. bxc5 dxc5 31. Bxc5 Bxc5 32. Rxc5 Qe7 33. d6 Qxd6 34. Rxc7 Rxc7
35. Rxc7 Qxc7 36. Bxf7 Qxf7 37. Qb6 Qd7 38. Ne2 b4 39. Qxa6 b3 40. Qb6 Nb5 41.
Qc5 Qxd3 42. Nc1 Qd4+ 43. Kf1 b2 0-1

[Event "IX Festival A"]
[Site "Cesenatico ITA"]
[Date "2004.09.10"]
[Round "7"]
[White "Voltolini, Giuseppe"]
[Black "Guglielmi, Giuseppe"]
[Result "1-0"]
[WhiteElo "2241"]
[BlackElo "1980"]
[PlyCount "105"]
[EventDate "2004.09.04"]

1. e4 c5 2. Nf3 d6 3. d4 cxd4 4. Nxd4 Nf6 5. Nc3 a6 6. Be2 e6 7. Be3 b5 8. f3
Bb7 9. Qd2 Nbd7 10. g4 Nc5 11. g5 b4 12. gxf6 bxc3 13. Qxc3 Qxf6 14. O-O-O Rc8
15. Qd2 g6 16. c3 h6 17. Nb3 Na4 18. e5 Qf5 19. exd6 Kd7 20. Qd4 Nxc3 21. bxc3
Bd5 22. Qa7+ Kxd6 23. Bc5+ Rxc5 24. Qxc5+ Kd7 25. Qd4 Ba3+ 26. Kd2 Rd8 27. Bd3
Qg5+ 28. Kc2 Qg2+ 29. Nd2 Ke7 30. Qe3 Rc8 31. Rdg1 Qh3 32. Ne4 Bb4 33. Kb2 Ba5
34. Rc1 f5 35. Nd2 g5 36. Rhe1 Qxh2 37. Bxf5 Qb8+ 38. Ka1 Qd6 39. Be4 Bb6 40.
Qd3 Rc5 41. Nb3 Bxb3 42. Qxd6+ Kxd6 43. axb3 h5 44. b4 Rc7 45. Kb2 h4 46. Kb3
a5 47. Rcd1+ Ke5 48. Bd5+ Kf4 49. Rxe6 Bf2 50. Re4+ Kg3 51. Rg4+ Kh2 52. f4 Bg3
53. Rh1# 1-0

[Event "IX Festival A"]
[Site "Cesenatico ITA"]
[Date "2004.09.10"]
[Round "7"]
[White "Weinberg, Emanuele"]
[Black "Altea, Giovanni"]
[Result "1-0"]
[WhiteElo "1952"]
[BlackElo "1778"]
[PlyCount "111"]
[EventDate "2004.09.04"]

1. d4 Nf6 2. c4 e5 3. dxe5 Ng4 4. e6 dxe6 5. Qxd8+ Kxd8 6. Nc3 Bb4 7. Bd2 Bd7
8. f3 Nf6 9. e4 Nc6 10. a3 Bxc3 11. Bxc3 a5 12. Bd3 e5 13. Ne2 Re8 14. O-O Ke7
15. b4 Kf8 16. b5 Na7 17. Bd2 Nc8 18. Be3 Kg8 19. Nc3 c6 20. Rab1 Be6 21. Na4
Nd6 22. Nb6 Rad8 23. Be2 Nd7 24. bxc6 bxc6 25. c5 Nxb6 26. cxb6 Nc4 27. Bxc4
Bxc4 28. Rfd1 Bb5 29. Rd2 Rxd2 30. Bxd2 a4 31. Bc3 Re7 32. Rd1 f6 33. Rd8+ Kf7
34. Rc8 Rd7 35. Bb4 Ba6 36. Rxc6 Ke8 37. Rc5 Bb7 38. Kf2 Kf7 39. Ke3 h6 40. Rc2
Ba6 41. Rd2 Rb7 42. Ba5 Ke7 43. Rd5 Kf7 44. Kd2 g6 45. Kc3 Bf1 46. Rc5 Rd7 47.
Rc7 Ke8 48. Rxd7 Kxd7 49. b7 Bxg2 50. b8=Q Bxf3 51. Qb5+ Ke7 52. Bb4+ Kf7 53.
Qd7+ Kg8 54. Qe6+ Kg7 55. Qe7+ Kg8 56. Qf8+ 1-0

[Event "IX Festival A"]
[Site "Cesenatico ITA"]
[Date "2004.09.10"]
[Round "7"]
[White "Zimmer, Hans Werner"]
[Black "Ori, Marco"]
[Result "0-1"]
[WhiteElo "1867"]
[BlackElo "2081"]
[PlyCount "102"]
[EventDate "2004.09.04"]

1. e4 c6 2. d4 d5 3. Nc3 dxe4 4. Nxe4 Nd7 5. Bc4 Ngf6 6. Ng5 e6 7. Qe2 Nb6 8.
Bd3 h6 9. N5f3 c5 10. dxc5 Bxc5 11. Ne5 Nbd7 12. Ngf3 Qc7 13. O-O O-O 14. Re1
b6 15. Bd2 Nxe5 16. Nxe5 Bd4 17. Rad1 Bb7 18. c3 Bc5 19. Bf4 Rad8 20. Bg3 Qc8
21. Rd2 a5 22. Red1 Qa8 23. Ng4 Be7 24. Nxf6+ Bxf6 25. f3 Bd5 26. Bc7 Rc8 27.
Bxb6 Rc6 28. Be3 Qc8 29. Be4 Bc4 30. Qf2 Ra6 31. Rd7 Bxa2 32. Bb7 Qc4 33. Bxa6
Qxa6 34. Bd4 Bb3 35. Ra1 Bxd4 36. Qxd4 a4 37. Qb4 Qe2 38. Ra7 Qe3+ 39. Kh1 Qxa7
40. Qxb3 axb3 41. Rxa7 Rd8 42. Kg1 Rd2 43. Rb7 Rxb2 44. Kf1 Kf8 45. Ke1 Rxg2
46. Rxb3 Rxh2 47. Kd1 h5 48. c4 Ke7 49. Rd3 Ra2 50. Kc1 Ra7 51. Kd2 Rd7 0-1

[Event "IX Festival A"]
[Site "Cesenatico ITA"]
[Date "2004.09.11"]
[Round "8"]
[White "Altea, Giovanni"]
[Black "Carola, Paolo"]
[Result "0-1"]
[WhiteElo "1778"]
[BlackElo "2053"]
[PlyCount "102"]
[EventDate "2004.09.04"]

1. c4 f5 2. Nc3 Nf6 3. g3 g6 4. Bg2 Bg7 5. d3 O-O 6. e4 fxe4 7. dxe4 d6 8. Nge2
c5 9. O-O Nc6 10. f4 Be6 11. Nd5 Qd7 12. Bd2 Bh3 13. Qc2 Nxd5 14. exd5 Nd4 15.
Nxd4 Bxd4+ 16. Kh1 Bf5 17. Qb3 a6 18. Bc3 Bxc3 19. Qxc3 b5 20. b3 bxc4 21. bxc4
Rfb8 22. Rf2 Rb4 23. Rb2 Rab8 24. Rxb4 Rxb4 25. a3 Rb6 26. Qe1 Qb7 27. Be4 Bg4
28. Rb1 Rb2 29. Kg1 Qb3 30. Qc1 Rxb1 31. Bxb1 Be2 32. Qc2 Qxc2 33. Bxc2 Bxc4
34. Be4 Kg7 35. Kf2 e6 36. Ke3 Bxd5 37. Bc2 Kf6 38. h4 h6 39. Bd3 a5 40. Bc2 g5
41. h5 gxf4+ 42. Kxf4 e5+ 43. Ke3 Kg5 44. Bd1 Bf7 45. Ke4 Bxh5 46. Bb3 Bg6+ 47.
Kf3 Bd3 48. Bd5 c4 49. Be6 c3 50. Ke3 c2 51. Kd2 e4 0-1

[Event "IX Festival A"]
[Site "Cesenatico ITA"]
[Date "2004.09.11"]
[Round "8"]
[White "Anceschi, Vittorio"]
[Black "D'Innocente, Stefano"]
[Result "1/2-1/2"]
[WhiteElo "2261"]
[BlackElo "2197"]
[PlyCount "93"]
[EventDate "2004.09.04"]

1. e4 c5 2. Nc3 e6 3. g3 d5 4. d3 Nf6 5. Bg2 Be7 6. f4 Nc6 7. e5 Nd7 8. Nf3 b5
9. O-O b4 10. Ne2 a5 11. c3 Ba6 12. Re1 O-O 13. f5 exf5 14. Nf4 Nb6 15. h4 Rc8
16. Bh3 g6 17. Kh2 Qc7 18. Qd2 Kh8 19. e6 Bf6 20. exf7 Qxf7 21. Ne6 bxc3 22.
bxc3 Na4 23. d4 Rfe8 24. Nfg5 Bxg5 25. Nxg5 Qf6 26. dxc5 Qxc3 27. Qxc3+ Nxc3
28. Bb2 d4 29. Rac1 Nxa2 30. Rxe8+ Rxe8 31. Rc2 Nab4 32. Rd2 Re2+ 33. Rxe2 Bxe2
34. Ne6 Kg8 35. Nxd4 Nxd4 36. Bxd4 Nc6 37. Bc3 Bf3 38. Bf1 a4 39. Bc4+ Kf8 40.
Kg1 Ne7 41. Kf2 Bd5 42. Bb5 a3 43. Ke3 Kf7 44. Kf4 Bc6 45. Bc4+ Bd5 46. Bb5 Bc6
47. Bc4+ 1/2-1/2

[Event "IX Festival A"]
[Site "Cesenatico ITA"]
[Date "2004.09.11"]
[Round "8"]
[White "Areklett, Ivar"]
[Black "Bonacci, Mauro"]
[Result "1/2-1/2"]
[WhiteElo "2105"]
[BlackElo "2204"]
[PlyCount "195"]
[EventDate "2004.09.04"]

1. e4 c5 2. Nf3 d6 3. Bb5+ Nd7 4. d4 cxd4 5. Qxd4 a6 6. Bxd7+ Bxd7 7. Nc3 e6 8.
Bg5 Qc7 9. O-O h6 10. Bh4 Bc6 11. Rad1 Nf6 12. Bxf6 gxf6 13. Qxf6 Rg8 14. Nd5
exd5 15. exd5 Bg7 16. Rfe1+ Kf8 17. Qf4 Be8 18. Nh4 Bxb2 19. Qxh6+ Bg7 20. Qf4
Bh8 21. Rd3 Rd8 22. Rf3 Be5 23. Qh6+ Ke7 24. Nf5+ Kd7 25. Qh3 Kc8 26. Ne7+ Kb8
27. Nxg8 Bd7 28. Qh7 f5 29. Qf7 Qxc2 30. Nf6 Bb5 31. Qe7 Rh8 32. h3 Qd2 33.
Rxe5 dxe5 34. Qxe5+ Ka8 35. Qxf5 Qxa2 36. Qe5 Qd2 37. Re3 Rf8 38. Ne4 Qd1+ 39.
Kh2 Rd8 40. Nc3 Qf1 41. Nxb5 Qxb5 42. f4 Rxd5 43. Qe8+ Qxe8 44. Rxe8+ Ka7 45.
g4 a5 46. f5 a4 47. f6 Rd2+ 48. Kg3 Rd3+ 49. Kf4 Rd1 50. Kg5 Rf1 51. Re7 Ka6
52. Re4 Kb5 53. Rf4 Rxf4 54. Kxf4 a3 55. f7 a2 56. f8=Q a1=Q 57. Qe8+ Kb6 58.
g5 Qf1+ 59. Kg4 Qg2+ 60. Kh4 Qf2+ 61. Kh5 Qf3+ 62. Kg6 Qxh3 63. Qe5 Ka7 64. Qf5
Qc3 65. Qf6 Qd3+ 66. Kg7 Qd7+ 67. Qf7 Qd4+ 68. Kh6 Qh4+ 69. Qh5 Qf4 70. Qg6
Qh4+ 71. Kg7 Qd4+ 72. Qf6 Qd7+ 73. Kf8 Qc8+ 74. Ke7 Qc5+ 75. Ke6 Qc4+ 76. Ke5
Qe2+ 77. Kd4 Qd2+ 78. Kc4 Qc1+ 79. Kb3 Qb1+ 80. Ka3 Qc1+ 81. Ka2 Qc2+ 82. Ka3
Qc1+ 83. Kb3 Qb1+ 84. Kc3 Qc1+ 85. Kd3 Qd1+ 86. Ke4 Qe2+ 87. Kd5 Qb5+ 88. Ke4
Qe2+ 89. Kf4 Qf2+ 90. Kg4 Qg2+ 91. Kh5 Qh3+ 92. Kg6 Qd3+ 93. Kf7 Qd7+ 94. Qe7
Qd5+ 95. Ke8 Qg8+ 96. Kd7 Qd5+ 97. Kc8 Qc6+ 98. Qc7 1/2-1/2

[Event "IX Festival A"]
[Site "Cesenatico ITA"]
[Date "2004.09.11"]
[Round "8"]
[White "Bossi, Alessandro"]
[Black "Rossi, Giampiero"]
[Result "1-0"]
[WhiteElo "2053"]
[BlackElo "2012"]
[PlyCount "65"]
[EventDate "2004.09.04"]

1. Nf3 d5 2. g3 c6 3. Bg2 Nf6 4. O-O Bf5 5. d3 e6 6. Nbd2 Be7 7. Qe1 O-O 8. e4
Bg6 9. Ne5 Nbd7 10. Nxg6 hxg6 11. Qe2 Re8 12. e5 Nh7 13. f4 Nhf8 14. Kh1 Bc5
15. Nf3 Qe7 16. Bd2 Bb6 17. Rae1 Rac8 18. h4 Nb8 19. Bh3 c5 20. c3 Nc6 21. Ng5
Nd8 22. h5 f6 23. hxg6 fxg5 24. Qh5 g4 25. Bxg4 Rc6 26. Kg2 Nf7 27. gxf7+ Qxf7
28. Qxf7+ Kxf7 29. f5 exf5 30. Rxf5+ Kg8 31. Bf3 Rd8 32. e6 g6 33. e7 1-0

[Event "IX Festival A"]
[Site "Cesenatico ITA"]
[Date "2004.09.11"]
[Round "8"]
[White "Bossoni, Mario"]
[Black "Russi, Roberto"]
[Result "0-1"]
[WhiteElo "2009"]
[BlackElo "2086"]
[PlyCount "74"]
[EventDate "2004.09.04"]

1. e4 c5 2. d4 cxd4 3. c3 Nf6 4. e5 Nd5 5. Nf3 Nc6 6. cxd4 d6 7. Bc4 Nb6 8. Bb5
a6 9. Bxc6+ bxc6 10. Qc2 Bd7 11. O-O e6 12. Nc3 d5 13. Ng5 h6 14. Nh3 Rc8 15.
Qe2 a5 16. f4 a4 17. f5 exf5 18. e6 Bxe6 19. Rxf5 Be7 20. Rh5 Qd7 21. Nf2 Bf6
22. Be3 Kf8 23. Rd1 Re8 24. b3 axb3 25. axb3 Qe7 26. Qa6 Bc8 27. Qxb6 Qxe3 28.
Qc5+ Kg8 29. h3 Bd7 30. Qd6 Re7 31. Re5 Bxe5 32. dxe5 Qxe5 33. Qxe5 Rxe5 34. b4
Be6 35. Ra1 Kh7 36. Kf1 Rb8 37. Rb1 Bf5 0-1

[Event "IX Festival A"]
[Site "Cesenatico ITA"]
[Date "2004.09.11"]
[Round "8"]
[White "Braga, Gian Carlo"]
[Black "Lombardini, Giulio"]
[Result "0-1"]
[WhiteElo "1461"]
[BlackElo "2072"]
[PlyCount "102"]
[EventDate "2004.09.04"]

1. e4 c5 2. Nf3 d6 3. Nc3 Nf6 4. d3 g6 5. Be2 Bg7 6. O-O O-O 7. Bg5 Nc6 8. Qd2
a6 9. Bh6 b5 10. Bxg7 Kxg7 11. d4 b4 12. e5 Ne8 13. Na4 Qa5 14. b3 cxd4 15.
exd6 Nxd6 16. Nxd4 Bb7 17. Bf3 Rac8 18. Rfe1 Rfe8 19. Re2 Kg8 20. Nxc6 Bxc6 21.
Qe3 Nf5 22. Qb6 Qxb6 23. Nxb6 Bxf3 24. gxf3 Rc6 25. Nd5 a5 26. Kg2 Kg7 27. Rae1
e6 28. Rd2 Rec8 29. Ne3 Nxe3+ 30. fxe3 Rxc2 31. Ree2 Rxd2 32. Rxd2 Kf6 33. Kg3
h5 34. h4 Ke5 35. Kf2 Rc3 36. f4+ Kf5 37. Kf3 f6 38. Rc2 e5 39. Rd2 e4+ 40. Kf2
Kg4 41. Rd6 Rc2+ 42. Ke1 Kf3 43. Rxf6 Kxe3 44. Kd1 Rxa2 45. Kc1 Rf2 46. Rxg6
Rxf4 47. Rg5 Rxh4 48. Rxa5 Ke2 49. Rc5 e3 50. Rc4 Rxc4+ 51. bxc4 Kf2 0-1

[Event "IX Festival A"]
[Site "Cesenatico ITA"]
[Date "2004.09.11"]
[Round "8"]
[White "Brancaleoni, Maurizio"]
[Black "Rotstein, Arkadij"]
[Result "1/2-1/2"]
[WhiteElo "2298"]
[BlackElo "2524"]
[PlyCount "117"]
[EventDate "2004.09.04"]

1. Nf3 c5 2. c4 g6 3. e4 Bg7 4. d4 d6 5. Nc3 Qa5 6. Rb1 Nf6 7. Bd3 cxd4 8. Nxd4
Nc6 9. Nb3 Qd8 10. O-O O-O 11. Re1 b6 12. Bg5 Bb7 13. Qd2 Ne5 14. Nd4 Rc8 15.
b3 Nxd3 16. Qxd3 Rc5 17. Nd5 Re8 18. Rbd1 Qd7 19. Bxf6 exf6 20. b4 Rcc8 21. Re3
f5 22. Nb5 fxe4 23. Rxe4 Rxe4 24. Qxe4 Re8 25. Qb1 a6 26. Nd4 Qg4 27. h3 Qh4
28. Qd3 b5 29. Ne3 bxc4 30. Qxc4 Re4 31. Qc7 Bxd4 32. Qxb7 Bxe3 33. Qb8+ Kg7
34. fxe3 Rxe3 35. Qxd6 Re2 36. Rf1 Qg5 37. Qd4+ Kg8 38. Rf2 Re1+ 39. Kh2 h5 40.
Qf4 Qd5 41. Rd2 Qe5 42. Qxe5 Rxe5 43. a4 Kf8 44. Rb2 Ke7 45. b5 axb5 46. axb5
Kd7 47. b6 Kc8 48. b7+ Kb8 49. Kg3 Re4 50. Kf3 Rc4 51. Rb3 h4 52. Rb2 g5 53.
Rb5 Rf4+ 54. Ke3 f6 55. Rb6 Rf1 56. Ke2 Rf4 57. Ke3 Rf1 58. Ke2 Rf4 59. Ke3
1/2-1/2

[Event "IX Festival A"]
[Site "Cesenatico ITA"]
[Date "2004.09.11"]
[Round "8"]
[White "Cottarelli, Franco"]
[Black "Zimmer, Hans Werner"]
[Result "0-1"]
[WhiteElo "1942"]
[BlackElo "1867"]
[PlyCount "46"]
[EventDate "2004.09.04"]

1. e4 e5 2. Nf3 Nc6 3. Bb5 f5 4. Nc3 fxe4 5. Nxe4 Nf6 6. d3 d6 7. O-O Be7 8.
Nfg5 O-O 9. Ba4 d5 10. Nc3 h6 11. Nf3 Bg4 12. h3 Bh5 13. Bxc6 bxc6 14. Re1 Bd6
15. Kh1 Qd7 16. Qe2 e4 17. dxe4 dxe4 18. Nxe4 Nxe4 19. Qxe4 Bxf3 20. gxf3 Qxh3+
21. Kg1 Bh2+ 22. Kh1 Bg3+ 23. Kg1 Qh2+ 0-1

[Event "IX Festival A"]
[Site "Cesenatico ITA"]
[Date "2004.09.11"]
[Round "8"]
[White "Da Forno, Roberto"]
[Black "Weinberg, Emanuele"]
[Result "0-1"]
[WhiteElo "1748"]
[BlackElo "1952"]
[PlyCount "164"]
[EventDate "2004.09.04"]

1. e4 Nf6 2. e5 Nd5 3. d4 d6 4. Nf3 Bg4 5. Be2 Nc6 6. O-O g6 7. h3 Bxf3 8. Bxf3
Nb6 9. exd6 cxd6 10. c3 Bg7 11. b3 O-O 12. Bb2 e5 13. d5 Ne7 14. c4 f5 15. Na3
a6 16. Qd2 Nd7 17. Rab1 Kh8 18. Nc2 Ng8 19. Ba3 Qc7 20. Be2 Nc5 21. Bxc5 Qxc5
22. b4 Qc7 23. Ne3 Nf6 24. f3 Nh5 25. Bd3 Ng3 26. Rfe1 e4 27. Nf1 Bd4+ 28. Kh2
Nxf1+ 29. Bxf1 Qg7 30. Red1 Bb6 31. Rbc1 e3 32. Qc3 Qxc3 33. Rxc3 Rac8 34. f4
Rfe8 35. Be2 Kg7 36. h4 Kf6 37. Kg3 h6 38. Kf3 g5 39. hxg5+ hxg5 40. Rdd3 gxf4
41. Kxf4 Re4+ 42. Kg3 f4+ 43. Kf3 Kf5 44. g4+ Ke5 45. c5 dxc5 46. d6 Rxb4 47.
d7 Rd8 48. Rb3 Bc7 49. Rxb4 cxb4 50. Rb3 Bd6 51. Bd3 Rxd7 52. g5 Re7 53. g6 Kf6
54. Rb1 Rg7 55. Rd1 Ke5 56. Rh1 Kd4 57. Bb1 Kc3 58. Rh2 a5 59. Rc2+ Kd4 60. Rc8
Ke5 61. Rd8 Bc7 62. Rc8 Kf6 63. Be4 Re7 64. Bd3 Kg7 65. Ke2 a4 66. Ra8 a3 67.
Ra7 Bd6 68. Ra5 Be5 69. Rb5 Bc3 70. Kf3 Bd2 71. Ke2 Rd7 72. Be4 Kh6 73. Rb6 Rg7
74. Rb5 Rxg6 75. Bxg6 Kxg6 76. Rxb7 Kf5 77. Rf7+ Ke5 78. Kd3 Bc3 79. Re7+ Kf5
80. Rf7+ Kg4 81. Rf8 Kf3 82. Re8 b3 0-1

[Event "IX Festival A"]
[Site "Cesenatico ITA"]
[Date "2004.09.11"]
[Round "8"]
[White "Del Vecchio, Gastone"]
[Black "Setti, Denis"]
[Result "1-0"]
[WhiteElo "1896"]
[BlackElo "1754"]
[PlyCount "83"]
[EventDate "2004.09.04"]

1. e4 Nc6 2. Nf3 d6 3. Bc4 Nf6 4. d3 g6 5. c3 Bg7 6. O-O O-O 7. h3 e5 8. Bg5
Na5 9. Bb5 c6 10. Ba4 b5 11. Bc2 Qc7 12. Qc1 Re8 13. b4 Nb7 14. Bh6 Bh8 15. Ng5
Nd8 16. a4 Ne6 17. Nxe6 Bxe6 18. Nd2 Rac8 19. Nf3 d5 20. Qe3 dxe4 21. dxe4 a6
22. Ra3 Nd7 23. a5 c5 24. Bb3 Bxb3 25. Rxb3 Qc6 26. Rbb1 cxb4 27. cxb4 Qc3 28.
Qa7 Nf6 29. Rfc1 Qd3 30. Ng5 Qd7 31. Qxa6 Bg7 32. Rxc8 Rxc8 33. Bxg7 Kxg7 34.
Qb6 h6 35. Nf3 Qd3 36. Re1 Nxe4 37. Nxe5 Qd6 38. f3 Rc2 39. Rxe4 Qd2 40. Rg4
Rc1+ 41. Kh2 h5 42. Qd4 1-0

[Event "IX Festival A"]
[Site "Cesenatico ITA"]
[Date "2004.09.11"]
[Round "8"]
[White "Emami, Madjid"]
[Black "Aldrovandi, Costantino"]
[Result "1/2-1/2"]
[WhiteElo "2081"]
[BlackElo "2275"]
[PlyCount "71"]
[EventDate "2004.09.04"]

1. Nf3 Nf6 2. g3 g6 3. Bg2 Bg7 4. O-O O-O 5. d3 d6 6. e4 e5 7. c3 Bg4 8. Na3
Qc8 9. Nc2 Bh3 10. Ne3 Bxg2 11. Kxg2 Nbd7 12. Nh4 c6 13. Ng4 Nxg4 14. Qxg4 Kh8
15. f4 exf4 16. gxf4 Nc5 17. Qe2 f5 18. exf5 Bf6 19. fxg6 Bxh4 20. Qh5 Qd7 21.
Qxh4 Rf5 22. gxh7 Nxd3 23. Be3 c5 24. Rf3 Qc6 25. Raf1 Raf8 26. Kg1 Nxb2 27.
Rg3 Qd7 28. Rg8+ Rxg8+ 29. hxg8=Q+ Kxg8 30. Rf3 Rf7 31. Rg3+ Rg7 32. f5 Qxf5
33. Qd8+ Kh7 34. Qh4+ Kg8 35. Qd8+ Kh7 36. Qh4+ 1/2-1/2